000 01283nam a2200289 4500
001 113907
003 DR-UNIBE
005 20250722104929.0
008 250722b2007 sp ||||| |||| 00| 0 spa d
020 _a9788496758070
040 _aBIBLIOTECA UNIBE
_bspa
_cBIBLIOTECA UNIBE
_erda
041 _aspa
082 _222
_a342.46 W45s
100 _aWilkinson Morera de la Vall, Helen
_9197511
_eautor
245 _aSecretos de Estado y Estado de Derecho :
_b régimen jurídico de los secretos oficiales en España /
_c Helen Wilkinson Morera de la Vall
250 _aPrimera edición
260 _aBarcelona :
_bAtelier Libros,
_c2007
300 _a 265 páginas :
_c24 x 16 cm
490 _aAtelier constitucional
500 _aDatos sobre el autor y comentario de la obra en la contraportada
505 _aPrólogo | Parte primera. El secreto de Estado en un Estado de Derecho | Parte segunda. Régimen jurídico de los secretos oficiales | Conclusiones | Bibliografía
650 7 _2lemb
_aSecretos de estado
_xDerecho
_zEspaña
_9197515
650 7 _2lemb
_aComunicaciones confidenciales
_xDerecho
_yEspaña
_9197516
651 7 _2lemb
_aEspaña
_xDerecho constitucional
_9197510
700 _aCarreras Serra, Frances de,
_d1943-
_9197512
_eprologuista
942 _2ddc
_cBK
999 _c113907
_d113907